Statystyki dla Kadra Stali Rzeszów 2021/2022

Kliknij tutaj aby rozwiązać quiz!

Ogólne statystyki

  • Ten quiz został rozwiązany 12 razy
  • Średni wynik to 17 z 33

Statystyki odpowiedzi

HintOdpowiedź% Poprawnych
NAPASTNIKAndreja Prokić
100%
BRAMKARZWiktor Kaczorowski
100%
NAPASTNIKDamian Michalik
91%
NAPASTNIKPatryk Małecki
82%
OBROŃCAPiotr Głowacki
82%
SZTABDaniel Mysliwiec
73%
OBROŃCADominik Marczuk
73%
OBROŃCAŁukasz Góra
73%
OBROŃCAPaweł Oleksy
73%
POMOCNIKBarłomiej Poczobut
64%
POMOCNIKBartosz Wolski
64%
BRAMKARZGerard Bieszczad
64%
NAPASTNIKKacper Sadłocha
64%
OBROŃCAKrystian Wrona
64%
POMOCNIKKrzysztof Danielewicz
64%
NAPASTNIKKacper Piątek
55%
SZTABKamil Kot
55%
POMOCNIKIgor Ławrynowicz
45%
POMOCNIKMarcel Kotwica
45%
OBROŃCASamuel Kuc
45%
SZTABGrzegorz Nalepa
36%
POMOCNIKJakub Szczypek
36%
BRAMKARZKrystian Stępniowski
36%
NAPASTNIKRafał Maciejewski
36%
NAPASTNIKBartosz Snopczyński
27%
POMOCNIKSławomir Szeliga
27%
SZTABZbigniew Dąbek
27%
SZTABKarol Zniszczoł
18%
SZTABMichał Kordas
18%
SZTABSławomir Nazaruk
18%
SZTABKonrad Kustra
9%
SZTABŁukasz Strzępek
9%
SZTABMateusz Stolarski
9%

Rozkład punktacji

Percentyl według liczby udzielonych odpowiedzi

Procent ludzi z każdym wynikiem

Twoja historia wyników

Nie rozwiązałeś tego quizu